Szczegóły MARC21

Kwadratura pięciokąta : od załamania gospodarczego do trwałego wzrostu /

003 -Nazwa inst., której nr kontr. jest w polu 001 [,]
    • @
    • Nazwa instytucji, której n kontrolny jest w polu 001
    • NUKAT
005 -DATA I CZAS OSTATNIEJ MODYFIKACJI [,]
    • @
    • pole kontrolne
    • 20241231102514.0
020 -Międzynarod. znormalizowany nr książki - ISBN [ , ]
    • a
    • Numer ISBN
    • 8385366482 Find
040 -Instytucja sporządzająca opis [ , ]
    • a
    • Instytucja, która sporządziła opis (NP)
    • Ł U/AK
    • c
    • Instytucja, która sporządziła rekord (NP)
    • Ł U/AK
    • d
    • Instytucja, która zmodyfikowała rekord (P)
    • Ł U/AS
    • d
    • Instytucja, która zmodyfikowała rekord (P)
    • Ł U/MSs
942 -Rodzaj dokumentu [ , ]
    • c
    • Rodzaj dokumentu
    • Książka
100 -Hasło główne - nazwa osobowa [1, ]
    • a
    • Nazwa osobowa (NP)
    • Kołodko, Grzegorz W.
    • d
    • Daty biograficzne (NP)
    • (1949- ).
    • 9
    • KHW
    • 21795
245 -Strefa tytułu i oznaczenia odpowiedzialności [1,0]
    • a
    • Tytuł
    • Kwadratura pięciokąta : Find
    • b
    • Ciąg dalszy tytułu (NP)
    • od załamania gospodarczego do trwałego wzrostu / Find
    • c
    • Pozostałe elementy strefy tytułu i oznaczenia odpowiedzialności (NP)
    • Grzegorz W Kołodko.
260 -Strefa adresu wydawniczego [ , ]
    • a
    • Miejsce wydania (P)
    • Warszawa :
    • b
    • Nazwa wydawcy (P)
    • Poltext,
    • c
    • Data wydania (P)
    • 1993.
300 -Strefa opisu fizycznego [ , ]
    • a
    • Określenie formy książki i/lub objętość (NP)
    • 141 s. :
    • b
    • Oznaczenie ilustracji (NP)
    • tab., wykr. ;
    • c
    • Format (NP)
    • 21 cm.
336 -Typ zawartości [ , ]
    • a
    • Termin opisujący typ zawartości
    • Tekst
    • b
    • Kod określający zawartość
    • txt
    • 2
    • Źródło (terminu i kodu)
    • rdacontent
337 -Typ mediów [ , ]
    • a
    • Tryb odtwarzania
    • Bez urządzenia pośredniczącego
    • b
    • Kod typu mediów
    • n
    • 2
    • Źródło (terminu i kodu)
    • rdamedia
338 -Typ/rodzaj nośnika [ , ]
    • a
    • Hasło opisujące typ nośnika
    • Wolumin
    • b
    • Kod typu nośnika
    • nc
    • 2
    • Źródło (terminu i kodu)
    • rdacarrier
504 -Uwaga dot. bibliogr. załącznikowej [ , ]
    • a
    • Uwaga dot. bibliografii załącznikowej
    • Bibliogr. s. 130-135.
080 -Uniwersalna Klasyfikacja Dziesiętna [ , ]
    • a
    • Symbol klasyfikacji
    • 330.35
    • 2
    • Identyfikator wydania tablic
    • UDC-P058
    • 9
    • UKD
    • 2969
    • b
    • Dopowiedzenie
    • Wzrost gospodarczy. Czynniki wzrostu gospodarczego. Tempo wzrostu. Stopa wzrostu.
    • 4
    • UKD2
    • 12473
    • x
    • Poddział wspólny
    • (4-11)
    • c
    • Dopowiedzenie poddz. wspólnego
    • (Europa Wschodnia).
    • 4
    • UKD2
    • 52565
    • x
    • Poddział wspólny
    • "198/199"
    • c
    • Dopowiedzenie poddz. wspólnego
    • Lata 1980/1999.
080 -Uniwersalna Klasyfikacja Dziesiętna [ , ]
    • a
    • Symbol klasyfikacji
    • 338
    • 2
    • Identyfikator wydania tablic
    • UDC-P058
    • 9
    • UKD
    • 3207
    • b
    • Dopowiedzenie
    • Sytuacja gospodarcza. Polityka, kierowanie i planowanie gospodarcze. Ceny.
    • 4
    • UKD2
    • 12473
    • x
    • Poddział wspólny
    • (4-11)
    • c
    • Dopowiedzenie poddz. wspólnego
    • (Europa Wschodnia).
    • 4
    • UKD2
    • 52565
    • x
    • Poddział wspólny
    • "198/199"
    • c
    • Dopowiedzenie poddz. wspólnego
    • Lata 1980/1999.
080 -Uniwersalna Klasyfikacja Dziesiętna [ , ]
    • a
    • Symbol klasyfikacji
    • 336
    • 2
    • Identyfikator wydania tablic
    • UDC-P058
    • 9
    • UKD
    • 3121
    • b
    • Dopowiedzenie
    • Finanse. Finanse publiczne. Cła. Bankowość. Pieniądz.
    • 4
    • UKD2
    • 12473
    • x
    • Poddział wspólny
    • (4-11)
    • c
    • Dopowiedzenie poddz. wspólnego
    • (Europa Wschodnia).
    • 4
    • UKD2
    • 52565
    • x
    • Poddział wspólny
    • "198/199"
    • c
    • Dopowiedzenie poddz. wspólnego
    • Lata 1980/1999.
651 -Hasło przedmiotowe w formie nazwy geograficznej [ ,7]
    • a
    • Nazwa geograficzna
    • Europa Wschodnia
    • x
    • Określnik rzeczowy
    • polityka gospodarcza
    • y
    • Określnik chronologiczny
    • 1989-.
    • 2
    • Źródło terminu
    • kaba
    • 9
    • KHW
    • 108284
651 -Hasło przedmiotowe w formie nazwy geograficznej [ ,7]
    • a
    • Nazwa geograficzna
    • Europa Wschodnia
    • x
    • Określnik rzeczowy
    • sytuacja gospodarcza
    • y
    • Określnik chronologiczny
    • 1989-.
    • 2
    • Źródło terminu
    • kaba
    • 9
    • KHW
    • 108301
980 -Symbol UKD [ , ]
    • a
    • UKD
    • 330.35:338:336](4-11)"198/199"
710 -Hasło dodatkowe - nazwa ciała zbiorowego [2, ]
    • a
    • Nazwa ciała zbiorowego lub nazwa geograficzna jako pierwszy element (NP)
    • Wydawnictwo Poltext.
    • 4
    • Kod relacji
    • pbl
    • 9
    • KHW
    • 53400
920 -ISBN [ , ]
    • a
    • ISBN
    • 83-85366-48-2 Find
Data inwentaryzacji Lokalizacja Status udost. Numer inwentarzowy Sygnatura
1994-09-23BE-2E.61909 
1994-09-23BE-3S.75879 
2015-10-23GW-3GW.5339338
1994-09-23T-11TS.75880 
2006-01-09T-3T.8922